[Event "5th Classic Open 2013"]
[Site "London ENG"]
[Date "2013.12.09"]
[Round "3.91"]
[White "Solli, Oddvar"]
[Black "Warstad, Leif E"]
[Result "1-0"]
[WhiteElo "1849"]
[BlackElo "1564"]
[WhiteFideId "1501208"]
[BlackFideId "1516060"]
[EventDate "2013.12.07"]

1. e4 c5 2. Nf3 Nc6 3. d4 cxd4 4. Nxd4 Nf6 5. Nc3 d6 6. Bg5 e6 7. Qd2 Be7 8.
O-O-O a6 9. f4 Bd7 10. Nf3 Qc7 11. e5 Nd5 12. Nxd5 exd5 13. Bxe7 Nxe7 14. Bd3 h6
15. Rhg1 O-O-O 16. Qe3 Rhe8 17. Qa7 Nc6 18. Qa8+ Nb8 19. exd6 Qxd6 20. g3 Kc7
21. Qa7 Nc6 22. Qf2 Bg4 23. Bc4 Be6 24. Rge1 Ne7 25. Nd4 Kb8 26. Bb3 Bg4 27. Rd3
Rc8 28. Rde3 Qc5 29. Qd2 Bd7 30. Nf3 f6 31. Nd4 Nc6 32. Nxc6+ Bxc6 33. Rxe8 Rxe8
34. Rxe8+ Bxe8 35. Qxd5 Qe3+ 36. Qd2 Qg1+ 37. Qd1 Qe3+ 38. Kb1 Bh5 39. Qd8+ Ka7
40. a3 Qg1+ 41. Ka2 Qxh2 42. Qd4+ Ka8 43. Bd5 Qxc2 44. Qb6 Qc8 45. Qxa6+ Kb8 46.
Qb5 Be8 47. Qb4 Bd7 48. Qd6+ Ka7 49. Qe7 Ka6 50. Qxg7 1-0

[Event "5th Classic Open 2013"]
[Site "London ENG"]
[Date "2013.12.10"]
[Round "4.1"]
[White "Istratescu, Andrei"]
[Black "Elsness, Frode"]
[Result "1-0"]
[WhiteTitle "GM"]
[BlackTitle "IM"]
[WhiteElo "2670"]
[BlackElo "2482"]
[WhiteFideId "1200372"]
[BlackFideId "1501100"]
[EventDate "2013.12.07"]

1. d4 Nf6 2. Nf3 e6 3. c4 Bb4+ 4. Bd2 c5 5. Bxb4 cxb4 6. g3 O-O 7. Bg2 d6 8. O-O
a5 9. a3 Na6 10. Nbd2 Qc7 11. Ne1 e5 12. Nc2 Be6 13. axb4 Nxb4 14. Nxb4 axb4 15.
Rc1 Rfd8 16. Ne4 Nxe4 17. Bxe4 Qb6 18. e3 exd4 19. exd4 d5 20. c5 Qc6 21. Bd3 b6
22. Qd2 Rab8 23. h4 bxc5 24. Rxc5 Qd6 25. Rfc1 Bd7 26. Qd1 h6 27. Bb1 Qf6 28.
Qd2 Qf3 29. Qd3 Qxd3 30. Bxd3 Kf8 31. Kf1 b3 32. Ke1 Be6 33. Kd2 Rb4 34. Kc3
Rdb8 35. Ra1 R4b7 36. Raa5 Ke7 37. Rab5 Rxb5 38. Rxb5 Rc8+ 39. Kd2 g5 40. hxg5
hxg5 41. Rxb3 Ra8 42. Ra3 Rb8 43. b3 Kd6 44. Kc3 Rc8+ 45. Kb2 Rh8 46. Ra2 Rb8
47. Kc3 Rc8+ 48. Kb2 Rb8 49. Ra1 Rh8 50. Kc3 Rc8+ 51. Kd2 Rb8 52. Bc2 Kc6 53.
Kc3 Kb6 54. Rh1 Rc8+ 55. Kb2 Bg4 56. Bd3 Rc6 57. f4 gxf4 58. gxf4 Re6 59. Kc2
Re3 60. Rh6+ Re6 61. Rxe6+ fxe6 62. Kc3 Bh5 63. Bh7 Bf7 64. Kb4 Bh5 65. Bg8 Bg4
66. Bf7 Bf5 67. Be8 Bd3 68. Bd7 Bf5 69. Kc3 Kc7 70. Be8 Bh3 71. Kd2 Kd8 72. Ba4
Bf5 73. b4 Kc7 74. Ke3 Be4 75. Kf2 Bd3 76. Kg3 Kd6 77. Kh4 Be2 78. Kg5 Bf3 79.
Kf6 Bh5 80. Bc2 Be8 81. Bh7 Bd7 82. Bg8 Bc8 83. b5 Bd7 84. b6 1-0

[Event "5th Classic Open 2013"]
[Site "London ENG"]
[Date "2013.12.10"]
[Round "4.4"]
[White "Maryasin, Boris"]
[Black "Bok, Benjamin"]
[Result "1-0"]
[WhiteTitle "IM"]
[BlackTitle "IM"]
[WhiteElo "2342"]
[BlackElo "2540"]
[WhiteFideId "2801892"]
[BlackFideId "1017063"]
[EventDate "2013.12.07"]

1. e4 c5 2. Nf3 e6 3. b3 d6 4. Bb2 Nf6 5. Nc3 Be7 6. d4 cxd4 7. Nxd4 a6 8. f4 b5
9. e5 dxe5 10. fxe5 Nd5 11. Qf3 Bb7 12. O-O-O O-O 13. Qh3 Nf4 14. Qg4 h5 15. Qg3
Bh4 16. Nc6 Qg5 17. Qxg5 Bxg5 18. h4 Bh6 19. Na5 Nd3+ 20. Kb1 Nxb2 21. Kxb2 Ra7
22. Nxb7 Rxb7 23. g3 Nd7 24. a4 Nxe5 25. axb5 axb5 26. Nxb5 g6 27. Nd6 Rc7 28.
Nb5 Rb7 29. Nd6 Rb6 30. Nc4 Nxc4+ 31. Bxc4 Rc8 32. Kc3 Bg7+ 33. Kd2 Rbc6 34. Ke2
Be5 35. Rd3 Kg7 36. Rhd1 f5 37. Kf3 Kf6 38. Rd8 Rxc4 39. bxc4 Rxc4 40. R1d2 Rg4
41. Rg2 Rc4 42. Rgd2 Rc6 43. Kg2 Rc3 44. R8d3 Rc4 45. Rd8 Rg4 46. R2d3 Rc4 47.
Rd2 Rg4 48. R2d3 f4 49. Rf8+ Ke7 50. Rfd8 Kf6 51. Rf8+ Ke7 1-0

[Event "5th Classic Open 2013"]
[Site "London ENG"]
[Date "2013.12.10"]
[Round "4.5"]
[White "Grachev, Boris"]
[Black "Balint, Vilmos"]
[Result "1-0"]
[WhiteTitle "GM"]
[WhiteElo "2669"]
[BlackElo "2214"]
[WhiteFideId "4129199"]
[BlackFideId "718050"]
[EventDate "2013.12.07"]

1. d4 Nf6 2. Nf3 c6 3. Bf4 g6 4. e3 Bg7 5. h3 O-O 6. Be2 Qa5+ 7. c3 d6 8. O-O
Nbd7 9. Bh2 Ne4 10. a4 f5 11. Nbd2 Ndf6 12. b4 Qc7 13. Qc2 Kh8 14. Nxe4 Nxe4 15.
Bd3 Be6 16. Bxe4 fxe4 17. Nd2 Qd7 18. Nxe4 Bf5 19. f3 Bh6 20. Bf4 g5 21. Bh2 Qe6
22. g4 Bg6 23. Qa2 Qd5 24. Nd2 Bd3 25. Rfe1 a5 26. Kg2 b5 27. Qxd5 cxd5 28. axb5
a4 29. b6 Rfb8 30. Ra3 Rxb6 31. e4 dxe4 32. fxe4 Bg7 33. Bg1 Rc6 34. Rc1 Bb5 35.
c4 Rac8 36. Be3 Bxc4 37. Rxa4 Bf6 38. Kf2 Kg7 39. Rxc4 Rxc4 40. Nxc4 Rxc4 41.
Ke2 Rc3 42. Ra5 Kg6 43. Ra6 Kf7 44. b5 Rb3 45. b6 Ke6 46. Ra7 h6 47. Rc7 d5 48.
e5 Bg7 49. b7 Kf7 50. Bc1 Bf8 51. Ba3 Kg8 52. Bc5 1-0

[Event "5th Classic Open 2013"]
[Site "London ENG"]
[Date "2013.12.10"]
[Round "4.6"]
[White "Tania, Sachdev"]
[Black "Gharamian, Tigran"]
[Result "1/2-1/2"]
[WhiteTitle "IM"]
[BlackTitle "GM"]
[WhiteElo "2441"]
[BlackElo "2656"]
[WhiteFideId "5007844"]
[BlackFideId "13301527"]
[EventDate "2013.12.07"]

1. d4 Nf6 2. c4 e6 3. Nf3 d5 4. Nc3 dxc4 5. Qa4+ c6 6. Qxc4 b5 7. Qd3 a6 8. Bg5
c5 9. d5 Be7 10. O-O-O Nxd5 11. Bxe7 Qxe7 12. Nxd5 exd5 13. Qxd5 Bb7 14. Qe5 f6
15. Qxe7+ Kxe7 16. e3 Nd7 17. Be2 Rad8 18. h4 g6 19. Rd2 Nb6 20. Rhd1 Rxd2 21.
Rxd2 h6 22. Ne1 g5 23. Bf3 Bxf3 24. Nxf3 a5 25. e4 Ke6 26. e5 Nc4 27. Rc2 g4 28.
Ne1 fxe5 29. b3 Nd6 30. Rxc5 Rf8 31. Rc2 Nf5 32. g3 Nd4 33. Rd2 Nf3 34. Nxf3
Rxf3 35. Kd1 a4 36. bxa4 bxa4 37. Ke2 Ra3 38. Kf1 e4 39. Ke1 Ke5 40. Ke2 h5 41.
Rb2 Kd4 42. Rb4+ Kc3 43. Rxe4 Rxa2+ 44. Kf1 a3 45. Re3+ Kd4 46. Kg2 Ra1 47. Rb3
Kc5 48. Re3 Kc4 49. Kh2 Kb4 50. Re4+ Kb3 51. Re3+ Kb2 52. Re2+ Kb3 53. Re3+ Kc2
54. Re2+ Kd1 55. Re3 Kd2 56. Kg2 Kc2 57. Re2+ Kd3 58. Re3+ Kd2 59. Kh2 Kc2 60.
Re2+ Kc3 61. Re3+ Kc4 62. Re4+ Kd3 63. Re3+ Kd2 64. Kg2 Kc2 65. Re2+ Kd1 66. Re3
Kd2 67. Kh2 Rf1 68. Rxa3 Rxf2+ 69. Kg1 Re2 70. Ra5 Ke3 71. Rf5 Rd2 72. Rf8 Rd1+
73. Kg2 Rd2+ 74. Kg1 Rd1+ 75. Kg2 1/2-1/2

[Event "5th Classic Open 2013"]
[Site "London ENG"]
[Date "2013.12.10"]
[Round "4.7"]
[White "Cherniaev, Alexander"]
[Black "Delchev, Aleksander"]
[Result "1/2-1/2"]
[WhiteTitle "GM"]
[BlackTitle "GM"]
[WhiteElo "2434"]
[BlackElo "2648"]
[WhiteFideId "4117301"]
[BlackFideId "2900394"]
[EventDate "2013.12.07"]

1. d4 Nf6 2. g3 d5 3. Nf3 c6 4. Bg2 Bg4 5. c4 e6 6. Qb3 Qb6 7. c5 Qa6 8. Bf1
Nbd7 9. e4 Qa5+ 10. Bd2 Qc7 11. Bf4 Qa5+ 12. Bd2 Qc7 13. Bf4 Qa5+ 1/2-1/2

[Event "5th Classic Open 2013"]
[Site "London ENG"]
[Date "2013.12.10"]
[Round "4.8"]
[White "Iordachescu, Viorel"]
[Black "McDonald, Neil"]
[Result "1-0"]
[WhiteTitle "GM"]
[BlackTitle "GM"]
[WhiteElo "2614"]
[BlackElo "2418"]
[WhiteFideId "13900200"]
[BlackFideId "400629"]
[EventDate "2013.12.07"]

1. e4 e6 2. d4 d5 3. Nc3 dxe4 4. Nxe4 Bd7 5. Nf3 Bc6 6. Bd3 Nd7 7. O-O Ngf6 8.
Neg5 Bd6 9. Re1 h6 10. Nh3 Bxf3 11. Qxf3 c6 12. Nf4 Qa5 13. c3 O-O 14. Bc2 Rfe8
15. Be3 e5 16. Nh5 e4 17. Nxf6+ Nxf6 18. Qh3 Re7 19. Bb3 Kh7 20. g3 Qh5 21. Qg2
Rae8 22. Bd2 Kh8 23. h3 Nd5 24. Be3 f5 25. g4 Qh4 26. gxf5 Rf8 27. Qg4 Qf6 28.
Bd2 Qxf5 29. Qxf5 Rxf5 30. Bc2 Nf4 31. Bxf4 Rxf4 32. Re2 c5 33. Rd1 cxd4 34.
Rxd4 Bc5 35. Rd8+ Kh7 36. Rd5 Bb6 37. c4 Kg8 38. c5 Bc7 39. Kg2 Kf8 40. b4 g5
41. b5 g4 42. h4 g3 43. fxg3 Rf3 44. Bxe4 Rxg3+ 45. Kf1 Rg4 46. Rf5+ Kg7 47. Bd5
Rxe2 48. Rf7+ Kg6 49. Kxe2 Rg2+ 50. Kf1 Rd2 51. Bb3 Bg3 52. Rxb7 Kh5 53. Rxa7
Kxh4 54. Rf7 Rd3 55. c6 Rc3 56. Be6 Rc1+ 57. Kg2 Rc2+ 58. Kf3 Rf2+ 59. Ke3 Rxf7
60. Bxf7 Bc7 61. Kd4 1-0

[Event "5th Classic Open 2013"]
[Site "London ENG"]
[Date "2013.12.10"]
[Round "4.9"]
[White "Brunello, Sabino"]
[Black "Karavade, Eesha"]
[Result "1-0"]
[WhiteTitle "GM"]
[BlackTitle "IM"]
[WhiteElo "2603"]
[BlackElo "2380"]
[WhiteFideId "813613"]
[BlackFideId "5012600"]
[EventDate "2013.12.07"]

1. d4 Nf6 2. c4 e6 3. Nc3 Bb4 4. e3 O-O 5. Ne2 d5 6. a3 Be7 7. cxd5 exd5 8. h3
c6 9. g4 Ne8 10. Bg2 Nd6 11. O-O f5 12. Nf4 Qe8 13. Nd3 Nd7 14. a4 a5 15. b3 Kh8
16. f3 Nf6 17. Ra2 b6 18. Re1 Ba6 19. Bf1 Rc8 20. Rg2 Nd7 21. g5 Bxd3 22. Bxd3
Qh5 23. f4 Qxd1 24. Rxd1 Rfe8 25. Rc2 h5 26. Ba3 g6 27. Rdc1 Rcd8 28. Nb1 Nb8
29. Bb2 Bf8 30. Kf2 Kh7 31. Nd2 Ne4+ 32. Nxe4 fxe4 33. Be2 Bb4 34. h4 Rf8 35.
Bf1 Rd6 36. Bc3 Bxc3 37. Rxc3 Rc8 38. Kg3 Rc7 39. b4 axb4 40. Rb3 Ra7 41. Rxb4
Nd7 42. Rcb1 c5 43. dxc5 Nxc5 44. Rxb6 Rxb6 45. Rxb6 Nxa4 46. Rc6 Nb2 47. f5
gxf5 48. Kf4 Nd3+ 49. Kxf5 Rf7+ 50. Rf6 Rxf6+ 51. Kxf6 Kg8 52. Be2 1-0

[Event "5th Classic Open 2013"]
[Site "London ENG"]
[Date "2013.12.10"]
[Round "4.10"]
[White "Summerscale, Aaron P"]
[Black "Van Kampen, Robin"]
[Result "1/2-1/2"]
[WhiteTitle "GM"]
[BlackTitle "GM"]
[WhiteElo "2423"]
[BlackElo "2601"]
[WhiteFideId "400980"]
[BlackFideId "1020854"]
[EventDate "2013.12.07"]

1. d4 d6 2. Nf3 Nf6 3. c4 g6 4. Nc3 Bf5 5. e3 Bg7 6. Bd3 Bxd3 7. Qxd3 Nbd7 8. e4
e5 9. d5 O-O 10. Qc2 a5 11. Rb1 Nc5 12. O-O Nh5 13. Be3 b6 14. a3 f5 15. b4 Nxe4
16. Nxe4 fxe4 17. Ng5 Qf6 18. Nxe4 Qf5 19. f3 Nf6 20. Nxf6+ Bxf6 21. Qxf5 gxf5
22. c5 axb4 23. axb4 bxc5 24. bxc5 dxc5 25. Rfc1 Ra5 26. Rxc5 Rxc5 27. Bxc5 Rd8
28. Rb7 Rxd5 29. Rxc7 Bd8 30. Rc8 Kf7 31. Kf1 Ba5 32. Bf2 Rd1+ 33. Ke2 Rd2+ 34.
Kf1 Rd1+ 35. Ke2 Rd2+ 36. Kf1 Rd1+ 1/2-1/2

[Event "5th Classic Open 2013"]
[Site "London ENG"]
[Date "2013.12.10"]
[Round "4.11"]
[White "Ahlander, Bjorn"]
[Black "Hawkins, Jonathan"]
[Result "1/2-1/2"]
[WhiteTitle "IM"]
[BlackTitle "IM"]
[WhiteElo "2429"]
[BlackElo "2512"]
[WhiteFideId "1700251"]
[BlackFideId "412686"]
[EventDate "2013.12.07"]

1. c4 g6 2. Nc3 Bg7 3. g3 d6 4. d4 Nf6 5. Bg2 O-O 6. e3 e5 7. Nge2 Qe7 8. b3 e4
9. h3 h5 10. Ba3 a5 11. Qc2 Re8 12. Nf4 c6 13. Bb2 Bf5 14. a3 Na6 15. Qd2 Nc7
16. Bf1 Ne6 17. Nxe6 fxe6 18. Be2 d5 19. Qd1 e5 20. dxe5 Qxe5 21. Rb1 Qe6 22.
cxd5 cxd5 23. Nb5 Qd7 24. Nd4 Rf8 25. Rc1 Rac8 26. Bb5 Rxc1 27. Qxc1 Qc8 28.
Qxc8 Bxc8 29. Bc3 b6 30. Ne2 Rf7 31. Nf4 Rc7 32. Kd2 g5 33. Ne2 Bd7 34. Bxd7
Nxd7 35. Bxg7 Kxg7 36. h4 gxh4 37. Rxh4 Nc5 38. Nd4 Kg6 39. g4 Rh7 40. gxh5+
Rxh5 41. Rxh5 Kxh5 42. Kc3 Kg4 43. b4 axb4+ 44. Kxb4 Nd3+ 45. Kb5 Nxf2 46. Kxb6
Nd1 47. Nc2 Kf3 48. a4 Nxe3 49. Nd4+ Kf4 50. Kc5 Nc4 51. Kxd5 Nb6+ 52. Kc5 Nxa4+
53. Kb4 Nb6 54. Kc3 Nd5+ 55. Kd2 e3+ 56. Ke1 Nb4 57. Ke2 Ke4 58. Nf5 Kxf5 59.
Kxe3 1/2-1/2

[Event "5th Classic Open 2013"]
[Site "London ENG"]
[Date "2013.12.10"]
[Round "4.12"]
[White "Houska, Jovanka"]
[Black "Rahman, Ziaur"]
[Result "1/2-1/2"]
[WhiteTitle "IM"]
[BlackTitle "GM"]
[WhiteElo "2415"]
[BlackElo "2496"]
[WhiteFideId "405094"]
[BlackFideId "10200037"]
[EventDate "2013.12.07"]

1. d4 d5 2. Nf3 Nf6 3. c4 e6 4. Nc3 Bb4 5. Bg5 O-O 6. e3 c5 7. cxd5 exd5 8. dxc5
Nbd7 9. Be2 Qa5 10. O-O Bxc3 11. bxc3 Ne4 12. c4 dxc4 13. Bxc4 Qxc5 14. Qd5 Qxd5
15. Bxd5 Nc3 16. Bb3 Re8 17. Nd4 Nc5 18. Rfc1 N3e4 19. Bf4 Be6 20. Nxe6 Nxe6 21.
Be5 N4c5 22. Bc4 Red8 23. Rd1 Rac8 24. f4 Nd7 25. Bxe6 fxe6 26. Bd4 b6 27. Rac1
Nb8 28. Bb2 Rxc1 29. Rxc1 Na6 30. Bd4 Rd7 31. Rc8+ Kf7 32. Kf2 Nb4 33. a4 Nd5
34. Kf3 Ne7 35. Rc3 h5 36. g3 Nd5 37. Rc8 Ne7 38. Rc3 Nd5 39. Rc8 1/2-1/2

[Event "5th Classic Open 2013"]
[Site "London ENG"]
[Date "2013.12.10"]
[Round "4.13"]
[White "Semcesen, Daniel"]
[Black "Wall, Gavin"]
[Result "1-0"]
[WhiteTitle "IM"]
[BlackTitle "IM"]
[WhiteElo "2488"]
[BlackElo "2328"]
[WhiteFideId "1706993"]
[BlackFideId "2501244"]
[EventDate "2013.12.07"]

1. d4 f5 2. c4 Nf6 3. Nc3 d6 4. Bg5 Nbd7 5. e3 e6 6. Bd3 Be7 7. Nge2 Nb6 8. Qc2
Bd7 9. h3 Ng8 10. Bf4 Bf6 11. e4 e5 12. dxe5 dxe5 13. Bd2 f4 14. c5 Nc8 15. Bc4
Nce7 16. O-O-O c6 17. Qb3 Qc7 18. Bf7+ Kf8 19. g3 g5 20. f3 b5 21. h4 h6 22.
hxg5 hxg5 23. Rxh8 Bxh8 24. Rh1 Bg7 25. gxf4 gxf4 26. Be1 Qc8 27. Bh4 Nh6 28.
Bh5 Be6 29. Qc2 b4 30. Na4 b3 31. axb3 Qb7 32. Rg1 Rd8 33. Qc3 Qxb3 34. Nxf4
Qxc3+ 35. Nxc3 exf4 36. Bxe7+ Kxe7 37. Rxg7+ Nf7 38. Kc2 Rh8 39. Bxf7 Bxf7 40.
Ne2 Rh2 41. Kd3 Rf2 42. Nd4 Rxb2 43. Rh7 Kf8 44. Nxc6 a5 45. Ne5 Be6 46. Ra7
Rb3+ 47. Kd2 Rb2+ 48. Kc3 Rb3+ 49. Kc2 Rb5 50. Ng6+ Kg8 51. c6 Rc5+ 52. Kd3 Bf7
53. c7 1-0

[Event "5th Classic Open 2013"]
[Site "London ENG"]
[Date "2013.12.10"]
[Round "4.14"]
[White "Khatanbaatar, Bazar"]
[Black "Harika, Dronavalli"]
[Result "1/2-1/2"]
[WhiteTitle "GM"]
[BlackTitle "GM"]
[WhiteElo "2329"]
[BlackElo "2487"]
[WhiteFideId "4900332"]
[BlackFideId "5015197"]
[EventDate "2013.12.07"]

1. e4 e6 2. d4 d5 3. Nd2 Nf6 4. e5 Nfd7 5. Bd3 c5 6. c3 Nc6 7. Ngf3 g6 8. O-O
Bg7 9. Re1 O-O 10. Bc2 cxd4 11. cxd4 Qb6 12. Nb3 a5 13. a4 Nb4 14. Bb1 Qc6 15.
Bg5 b6 16. Qd2 f6 17. Rc1 Qb7 18. Bh6 Ra7 19. Bxg7 Kxg7 20. Ra3 Qb8 21. Qe3 Rc7
22. Rxc7 Qxc7 23. exf6+ Nxf6 24. h3 Bd7 25. Nbd2 Qc1+ 26. Kh2 Rc8 27. Rc3 Rxc3
28. bxc3 Nc6 29. g4 Qa3 30. Ne5 Qd6 31. Qf4 Qe7 32. Ndf3 Ne8 33. Bc2 Nxe5 34.
Nxe5 Nd6 35. Kg2 Be8 36. Nf3 b5 37. axb5 Bxb5 38. Ne5 a4 39. Qc1 Nf7 40. Qb1 Be8
41. Nd3 a3 42. Qb6 a2 43. Qa5 e5 44. Nc5 exd4 45. cxd4 Ng5 46. Qxa2 Qf6 47. Qa7+
Bf7 48. Qa3 Qxd4 49. Nd7 Ne6 50. Qe3 Qxe3 51. fxe3 d4 52. exd4 Nxd4 53. Be4 g5
54. Ne5 Be8 55. Kg3 Kf6 56. Nd3 h5 57. gxh5 1/2-1/2

[Event "5th Classic Open 2013"]
[Site "London ENG"]
[Date "2013.12.10"]
[Round "4.16"]
[White "Bartel, Mateusz"]
[Black "Sowray, Peter J"]
[Result "1-0"]
[WhiteTitle "GM"]
[BlackTitle "FM"]
[WhiteElo "2649"]
[BlackElo "2326"]
[WhiteFideId "1112635"]
[BlackFideId "400971"]
[EventDate "2013.12.07"]

1. Nf3 d6 2. d4 f5 3. Nc3 Nf6 4. Bg5 e6 5. e4 fxe4 6. Nxe4 Be7 7. Nxf6+ Bxf6 8.
h4 Nc6 9. Qd2 Qe7 10. O-O-O O-O 11. Bd3 e5 12. d5 Nd4 13. Nxd4 exd4 14. Rde1 Qf7
15. Be4 Be5 16. Qd3 h6 17. f4 Bxf4+ 18. Kb1 Bxg5 19. hxg5 Bf5 20. gxh6 Bxe4 21.
Rxe4 Qg6 22. hxg7 Rf6 23. Re7 1-0

[Event "5th Classic Open 2013"]
[Site "London ENG"]
[Date "2013.12.10"]
[Round "4.17"]
[White "Gupta, Abhijeet"]
[Black "Ledger, Dave J"]
[Result "1-0"]
[WhiteTitle "GM"]
[BlackTitle "FM"]
[WhiteElo "2608"]
[BlackElo "2246"]
[WhiteFideId "5010608"]
[BlackFideId "401986"]
[EventDate "2013.12.07"]

1. d4 Nf6 2. c4 g6 3. Nc3 Bg7 4. e4 d6 5. f3 O-O 6. Nge2 c5 7. d5 e6 8. Ng3 h5
9. Bg5 Qb6 10. Qd2 exd5 11. cxd5 Nh7 12. Bh4 Nd7 13. Be2 Re8 14. Nf1 Ne5 15. Bf2
f5 16. Qc2 fxe4 17. Nxe4 Bf5 18. Nfg3 h4 19. Nxf5 gxf5 20. Nc3 Nc4 21. Kf1 Ne3+
22. Bxe3 Rxe3 23. Bd3 Rae8 24. Rd1 Ng5 25. Bxf5 h3 26. f4 hxg2+ 27. Kxg2 Bxc3
28. Bg4 Qb5 29. Qg6+ Kh8 30. Rhg1 Qxb2+ 31. Kh1 Nh7 32. Be6 R3xe6 33. dxe6 Qb5
34. Rd5 Qc6 35. Rg2 b5 36. Qxh7+ Kxh7 37. Rh5# 1-0

[Event "5th Classic Open 2013"]
[Site "London ENG"]
[Date "2013.12.10"]
[Round "4.19"]
[White "Hebden, Mark L"]
[Black "Britton, Richard L"]
[Result "1-0"]
[WhiteTitle "GM"]
[BlackTitle "FM"]
[WhiteElo "2560"]
[BlackElo "2231"]
[WhiteFideId "400084"]
[BlackFideId "401692"]
[EventDate "2013.12.07"]

1. d4 Nf6 2. Bf4 d5 3. e3 e6 4. Nd2 Be7 5. Bd3 O-O 6. Ngf3 c5 7. c3 Nc6 8. h3
Qb6 9. Rb1 Bd7 10. O-O cxd4 11. exd4 Rfd8 12. Re1 Be8 13. Re3 Rac8 14. Qe2 Nd7
15. h4 Nf8 16. h5 Bd6 17. Bxd6 Rxd6 18. h6 g6 19. Ng5 Qd8 20. Qg4 Ne7 21. Qg3
Nc6 22. Rbe1 Qe7 23. f4 Nd8 24. f5 Rb6 25. Nb3 Qd6 26. Qh4 Qe7 27. fxg6 hxg6 28.
h7+ Kh8 29. Rf1 f6 30. Qh6 Nf7 31. Nxf7+ Qxf7 32. Nc5 Nxh7 33. Rf2 Kg8 34. Rg3
f5 35. Re2 Nf8 36. Rge3 Qf6 37. g4 Bf7 38. a4 a5 39. Bb5 Rc7 40. Rg2 Re7 41. Nd3
Rd6 42. Ne5 Qg7 43. Qh2 Rd8 44. Bd3 Nd7 45. Nxg6 Bxg6 46. gxf5 Nf8 47. fxg6 1-0

[Event "5th Classic Open 2013"]
[Site "London ENG"]
[Date "2013.12.10"]
[Round "4.30"]
[White "Shyam, Sundar M."]
[Black "Taylor, Peter P"]
[Result "1-0"]
[WhiteTitle "GM"]
[WhiteElo "2534"]
[BlackElo "2222"]
[WhiteFideId "5019141"]
[BlackFideId "402478"]
[EventDate "2013.12.07"]

1. e4 c6 2. d4 d5 3. exd5 cxd5 4. c4 Nf6 5. Nc3 Nc6 6. Bg5 dxc4 7. Bxc4 h6 8.
Be3 e6 9. Nf3 Bd6 10. O-O O-O 11. a3 e5 12. dxe5 Nxe5 13. Nxe5 Bxe5 14. Bc5 Re8
15. Qxd8 Rxd8 16. Rfe1 Re8 17. f4 Bxc3 18. Rxe8+ Nxe8 19. bxc3 Be6 20. Bxe6 fxe6
21. a4 Rc8 22. Bd4 a6 23. Rb1 Rc7 24. Rb6 Kf7 25. Be5 Rd7 26. Kf2 Nf6 27. Kf3
Rd3+ 28. Ke2 Rd7 29. c4 g6 30. a5 h5 31. h3 Ng8 32. Bd6 Ne7 33. Bxe7 Kxe7 34. g4
hxg4 35. hxg4 Kf6 36. Ke3 Rc7 37. Kd4 Rd7+ 38. Kc3 Ke7 39. g5 Kf7 40. c5 Rc7 41.
Kc4 Ke7 42. Rb1 Kf7 43. Rd1 Kf8 44. Rd8+ Kf7 45. Kd4 Kg7 46. Rb8 Kf7 47. Ra8
Rd7+ 48. Kc4 Rd1 49. Ra7 Rd7 1-0

[Event "5th Classic Open 2013"]
[Site "London ENG"]
[Date "2013.12.10"]
[Round "4.21"]
[White "Hamitevici, Vladimir"]
[Black "Semprun Martinez, Fernando"]
[Result "0-1"]
[WhiteTitle "IM"]
[WhiteElo "2508"]
[BlackElo "2213"]
[WhiteFideId "13902393"]
[BlackFideId "2203170"]
[EventDate "2013.12.07"]

1. Nf3 c5 2. b3 g6 3. Bb2 Nf6 4. e4 Bg7 5. e5 Nd5 6. Nc3 Nxc3 7. Bxc3 O-O 8. d4
cxd4 9. Qxd4 Nc6 10. Qe3 d6 11. O-O-O Qb6 12. Qxb6 axb6 13. Kb2 dxe5 14. a4 e4
15. Bxg7 Kxg7 16. Nd2 Bf5 17. Nc4 Rad8 18. Be2 Nd4 19. Rd2 b5 20. axb5 Nxb5 21.
Rhd1 Rxd2 22. Rxd2 Na7 23. Na5 b6 24. Nc4 Rb8 25. Ne3 Nc6 26. Bb5 Ne5 27. Rd4
Rc8 28. h3 h5 29. Ra4 Rd8 30. Kc3 h4 31. Rd4 Rc8+ 32. Kb4 Kf6 33. Nd5+ Kg7 34.
c3 Nd3+ 35. Bxd3 exd3 36. Nxe7 Rc5 37. f3 Be6 38. c4 Rg5 39. Rxh4 Rxg2 40. Rd4
d2 41. Nd5 Rf2 42. Nxb6 Rxf3 43. h4 Rf4 44. Rxd2 Rxh4 45. Kc5 g5 46. b4 f5 47.
b5 f4 48. Nd5 f3 49. b6 Rh8 50. b7 g4 51. Nf4 Bxc4 52. Kxc4 Rb8 53. Rd7+ Kh6 54.
Kd4 f2 55. Rd6+ Kg5 56. Ke4 f1=Q 57. Rd5+ Kh4 0-1

[Event "5th Classic Open 2013"]
[Site "London ENG"]
[Date "2013.12.10"]
[Round "4.22"]
[White "Wells, Peter K"]
[Black "Steil-Antoni, Fiona"]
[Result "1-0"]
[WhiteTitle "GM"]
[BlackTitle "WIM"]
[WhiteElo "2479"]
[BlackElo "2190"]
[WhiteFideId "400327"]
[BlackFideId "4001249"]
[EventDate "2013.12.07"]

1. Nf3 Nf6 2. c4 b6 3. Nc3 Bb7 4. d4 e6 5. a3 Be7 6. d5 d6 7. e4 e5 8. Bd3 O-O
9. O-O a5 10. Be3 Na6 11. Rb1 Nc5 12. Bc2 Ba6 13. b4 axb4 14. axb4 Ncd7 15. Bd3
Ne8 16. Ra1 g6 17. Qc2 Ng7 18. Bh6 f5 19. Bxg7 Kxg7 20. exf5 gxf5 21. Bxf5 Bxc4
22. Rxa8 Qxa8 23. Bxd7 Bxf1 24. Kxf1 Qa1+ 25. Ke2 Ra8 26. Nd2 Qg1 27. Nce4 Bd8
28. Ng3 Ra1 29. Ngf1 Qxg2 30. Bf5 Qxd5 31. Bxh7 Qf7 32. Be4 Bg5 33. Qd3 Qf4 34.
b5 Rc1 35. Qh3 Kf6 36. Ne3 Kf7 37. Qh7+ Kf8 38. Qh8+ Kf7 39. Bd5+ Ke7 40. Qg7+
Kd8 41. Qg8+ Ke7 42. Be6 1-0

[Event "5th Classic Open 2013"]
[Site "London ENG"]
[Date "2013.12.10"]
[Round "4.23"]
[White "Bird, Andrew"]
[Black "Williams, Simon K"]
[Result "0-1"]
[BlackTitle "GM"]
[WhiteElo "2229"]
[BlackElo "2461"]
[WhiteFideId "3204502"]
[BlackFideId "404454"]
[EventDate "2013.12.07"]

1. Nf3 d6 2. d4 Nf6 3. g3 g6 4. Bg2 Bg7 5. c4 O-O 6. Nc3 Nc6 7. O-O Bg4 8. Be3
Qd7 9. Qd2 Rae8 10. d5 Nd8 11. Bh6 Bh3 12. Bxg7 Kxg7 13. Rfe1 Bxg2 14. Kxg2 e5
15. e4 Nh5 16. Nh4 f6 17. Qe2 Nf7 18. h3 Kh8 19. Qg4 f5 20. exf5 Nf6 21. Qd1
gxf5 22. Qa4 c6 23. dxc6 bxc6 24. Rad1 f4 25. Qc2 e4 26. Nxe4 Nxe4 27. Rxe4 Ng5
28. Rxe8 Qxh3+ 29. Kg1 Rxe8 30. Qc3+ Kg8 31. Re1 Ne4 32. Qd3 fxg3 33. fxg3 Qe6
34. b3 d5 35. cxd5 cxd5 36. Kg2 Qe5 37. Rf1 Rc8 38. Kh3 Rc3 0-1

[Event "5th Classic Open 2013"]
[Site "London ENG"]
[Date "2013.12.10"]
[Round "4.25"]
[White "Jetzl, Joerg"]
[Black "Arkell, Keith C"]
[Result "0-1"]
[BlackTitle "GM"]
[WhiteElo "2213"]
[BlackElo "2438"]
[WhiteFideId "1601172"]
[BlackFideId "400270"]
[EventDate "2013.12.07"]

1. d4 Nf6 2. Nf3 e6 3. g3 b5 4. Bg2 Bb7 5. Bg5 c5 6. O-O cxd4 7. Nxd4 Bxg2 8.
Kxg2 a6 9. Nc3 Be7 10. Qd3 Qc7 11. Qf3 Ra7 12. Bf4 Qb7 13. Nb3 Qxf3+ 14. Kxf3
Nc6 15. e4 b4 16. Ne2 d5 17. exd5 Nxd5 18. c4 bxc3 19. Nxc3 Nxc3 20. bxc3 g5 21.
Be3 Rc7 22. Bd4 f6 23. Rab1 Kf7 24. Rfd1 h5 25. h3 Rb8 26. Ke2 f5 27. Nc5 Rxb1
28. Rxb1 Nxd4+ 29. cxd4 Bxc5 30. dxc5 Rxc5 31. Rb2 Kf6 32. Kd3 Ra5 33. Kd4 h4
34. gxh4 gxh4 35. f4 Ra4+ 36. Kc3 Rxf4 37. Rb6 a5 0-1